[Event "Carilo Magistral 2nd"]
[Site "Carilo"]
[Date "2005.04.09"]
[Round "8"]
[White "Malbran, Guillermo"]
[Black "Cubas, Jose Fernando"]
[Result "0-1"]
[WhiteElo "2295"]
[BlackElo "2387"]
[PlyCount "100"]
[EventDate "2005.04.05"]
[EventType "tourn"]
[EventRounds "9"]
[EventCountry "ARG"]
[EventCategory "3"]
[SourceTitle "CBM 105 Extra"]
[Source "ChessBase"]
[SourceDate "2005.05.01"]
[SourceVersion "1"]
[SourceVersionDate "2005.05.01"]
[SourceQuality "1"]

1. e4 e6 2. d4 d5 3. Nc3 Nf6 4. Bg5 Bb4 5. Bd3 dxe4 6. Bxe4 Nbd7 7. Nge2 h6 8.
Bxf6 Nxf6 9. Bf3 O-O 10. O-O c6 11. Ne4 Nxe4 12. Bxe4 Bd6 13. Qd3 e5 14. Rfd1
Qh4 15. g3 Qf6 16. Qf3 Qxf3 17. Bxf3 exd4 18. Nxd4 Be5 19. c3 Rd8 20. Nb3 Bf6
21. Na5 Kf8 22. Kg2 Rb8 23. h3 Be6 24. Nb3 Rxd1 25. Rxd1 Rd8 26. Nc5 Bc8 27.
Rxd8+ Bxd8 28. Bg4 f5 29. Bf3 Ke7 30. h4 Kd6 31. Nd3 Be6 32. b3 b5 33. Kf1 Bf6
34. Nf4 Bf7 35. Ne2 a5 36. Nd4 Bxd4 37. cxd4 c5 38. Ke2 cxd4 39. Kd2 Kc5 40.
Be2 Bd5 41. f3 Kb4 42. Kc2 a4 43. Kb2 axb3 44. a3+ Kc5 45. Bd3 Bxf3 46. Bxf5
Bd1 47. Bd7 b4 48. axb4+ Kxb4 49. Bf5 Be2 50. Be6 d3 0-1

[Event "Carilo Magistral 2nd"]
[Site "Carilo"]
[Date "2005.04.10"]
[Round "9"]
[White "Cubas, Jose Fernando"]
[Black "Dolezal, Cristian"]
[Result "1/2-1/2"]
[WhiteElo "2387"]
[BlackElo "2405"]
[PlyCount "114"]
[EventDate "2005.04.05"]
[EventType "tourn"]
[EventRounds "9"]
[EventCountry "ARG"]
[EventCategory "3"]
[SourceTitle "CBM 105 Extra"]
[Source "ChessBase"]
[SourceDate "2005.05.01"]
[SourceVersion "1"]
[SourceVersionDate "2005.05.01"]
[SourceQuality "1"]

1. e4 e6 2. d4 d5 3. e5 c5 4. c3 Nc6 5. Nf3 Bd7 6. a3 c4 7. Nbd2 Na5 8. h4 Bc6
9. g3 Qd7 10. Bh3 Ba4 11. Qe2 O-O-O 12. O-O Kb8 13. Ne1 Ne7 14. h5 Qc8 15. f4
Ka8 16. Ng2 Rg8 17. Kh2 h6 18. Nf3 Nb3 19. Rb1 Nxc1 20. Rbxc1 Be8 21. Rce1 g6
22. Ne3 Nf5 23. g4 Nxe3 24. Qxe3 gxh5 25. gxh5 Be7 26. Rg1 Bd7 27. Kh1 Rdf8 28.
Nh2 Bh4 29. Ref1 Rxg1+ 30. Rxg1 Rg8 31. Ng4 Qf8 32. Nf6 Bxf6 33. exf6 a6 34.
Rg3 Qd8 35. Rg7 Rf8 36. Qe5 Qb6 37. f5 Ka7 38. fxe6 Bxe6 39. Bxe6 Re8 40. Qxd5
Rxe6 41. Rxf7 Re1+ 42. Kh2 Qxb2+ 43. Qg2 Qb6 44. Rd7 Rb1 45. f7 Qf6 46. Qe4
Rb2+ 47. Kh3 Qf1+ 48. Kg4 Rg2+ 49. Qxg2 Qxg2+ 50. Kf5 Qg5+ 51. Ke6 Qg4+ 52. Ke7
Qg5+ 53. Ke6 Qe3+ 54. Kf6 Qg5+ 55. Ke6 Qe3+ 56. Kd5 Qf3+ 57. Ke6 Qe3+ 1/2-1/2

[Event "Pinamar ITT Cinco Soles"]
[Site "Pinamar"]
[Date "2005.06.22"]
[Round "1"]
[White "Fernandez, Daniel"]
[Black "Cubas, Jose Fernando"]
[Result "1/2-1/2"]
[WhiteElo "2406"]
[BlackElo "2387"]
[PlyCount "26"]
[EventDate "2005.06.22"]
[EventType "tourn"]
[EventRounds "9"]
[EventCountry "ARG"]
[EventCategory "3"]
[SourceTitle "CBM 106 Extra"]
[Source "ChessBase"]
[SourceDate "2005.07.01"]
[SourceVersion "1"]
[SourceVersionDate "2005.07.01"]
[SourceQuality "1"]

1. e4 e6 2. d4 d5 3. e5 c5 4. c3 Nc6 5. Nf3 Nge7 6. Bd3 cxd4 7. cxd4 Nf5 8.
Bxf5 exf5 9. Nc3 Be6 10. Ne2 Bb4+ 11. Bd2 Qb6 12. O-O h6 13. h4 g6 1/2-1/2

[Event "Pinamar ITT Cinco Soles"]
[Site "Pinamar"]
[Date "2005.06.23"]
[Round "2"]
[White "Cubas, Jose Fernando"]
[Black "Bronstein, Luis Marcos"]
[Result "1/2-1/2"]
[WhiteElo "2387"]
[BlackElo "2362"]
[PlyCount "101"]
[EventDate "2005.06.22"]
[EventType "tourn"]
[EventRounds "9"]
[EventCountry "ARG"]
[EventCategory "3"]
[SourceTitle "CBM 106 Extra"]
[Source "ChessBase"]
[SourceDate "2005.07.01"]
[SourceVersion "1"]
[SourceVersionDate "2005.07.01"]
[SourceQuality "1"]

1. e4 Nf6 2. e5 Nd5 3. d4 d6 4. c4 Nb6 5. exd6 cxd6 6. Nc3 g6 7. a4 Bg7 8. a5
N6d7 9. d5 O-O 10. Nf3 Na6 11. Be2 Nf6 12. h3 e6 13. O-O exd5 14. cxd5 Nc5 15.
Be3 Nfe4 16. Nxe4 Nxe4 17. Bd4 Ng5 18. Ne1 Nxh3+ 19. gxh3 Bxh3 20. Bxg7 Qg5+
21. Kh2 Bxf1 22. Bc3 Qf4+ 23. Kg1 Bxe2 24. Qxe2 Rfe8 25. Qd3 Re4 26. Ng2 Qf5
27. Rd1 Rae8 28. f3 Re2 29. Qxf5 gxf5 30. Nf4 Rc2 31. Kh1 Re3 32. Bb4 Rxf3 33.
Bxd6 f6 34. Ne6 Rh3+ 35. Kg1 Kf7 36. b4 Rh4 37. Nd4 Rg4+ 38. Kf1 Rc4 39. Bc5 b6
40. axb6 axb6 41. Bxb6 Rxb4 42. Bc5 Rc4 43. Ba7 Rh4 44. Kg2 Ra4 45. Nxf5 Rhg4+
46. Kh3 Rg5 47. Nd6+ Kg6 48. Nc8 Kh5 49. Rd4 Ra3+ 50. Kh2 Ra2+ 51. Kh3 1/2-1/2

[Event "Pinamar ITT Cinco Soles"]
[Site "Pinamar"]
[Date "2005.06.24"]
[Round "3"]
[White "Della Morte, Pablo"]
[Black "Cubas, Jose Fernando"]
[Result "1/2-1/2"]
[WhiteElo "2285"]
[BlackElo "2387"]
[PlyCount "76"]
[EventDate "2005.06.22"]
[EventType "tourn"]
[EventRounds "9"]
[EventCountry "ARG"]
[EventCategory "3"]
[SourceTitle "CBM 106 Extra"]
[Source "ChessBase"]
[SourceDate "2005.07.01"]
[SourceVersion "1"]
[SourceVersionDate "2005.07.01"]
[SourceQuality "1"]

1. e4 e6 2. d4 d5 3. e5 c5 4. c3 Nc6 5. Nf3 Nge7 6. Bd3 cxd4 7. cxd4 Nf5 8. Be3
Qb6 9. Qd2 Nxe3 10. fxe3 Be7 11. Nc3 Bd7 12. O-O f6 13. exf6 Bxf6 14. Rac1 O-O
15. Na4 Qb4 16. Nc5 Qxd2 17. Nxd2 Bc8 18. Bb5 Bg5 19. Rce1 Nxd4 20. exd4 Bxd2
21. Rxf8+ Kxf8 22. Nxe6+ Kf7 23. Re2 Bc1 24. Nc7 Rb8 25. Nxd5 Be6 26. Rf2+ Kg8
27. Bc4 Kh8 28. Re2 Bf7 29. Bb3 h6 30. Rc2 Bg5 31. Rc7 Bg8 32. g3 Rd8 33. Nf4
Bxb3 34. axb3 Rxd4 35. Rxb7 Rd1+ 36. Kg2 Rd2+ 37. Kh3 Rxb2 38. Rxa7 Bxf4
1/2-1/2

[Event "Pinamar ITT Cinco Soles"]
[Site "Pinamar"]
[Date "2005.06.25"]
[Round "4"]
[White "Cubas, Jose Fernando"]
[Black "Hobaica, Juan Pablo"]
[Result "1/2-1/2"]
[WhiteElo "2387"]
[BlackElo "2312"]
[PlyCount "117"]
[EventDate "2005.06.22"]
[EventType "tourn"]
[EventRounds "9"]
[EventCountry "ARG"]
[EventCategory "3"]
[SourceTitle "CBM 106 Extra"]
[Source "ChessBase"]
[SourceDate "2005.07.01"]
[SourceVersion "1"]
[SourceVersionDate "2005.07.01"]
[SourceQuality "1"]

1. e4 c5 2. Nf3 e6 3. d4 cxd4 4. Nxd4 a6 5. Nc3 Qc7 6. Bd3 Nc6 7. Be3 Nf6 8.
O-O Ne5 9. h3 Bc5 10. f4 Ng6 11. Kh1 d6 12. Qf3 O-O 13. Rae1 b5 14. Qg3 Kh8 15.
e5 dxe5 16. fxe5 Qxe5 17. Qxe5 Nxe5 18. Nxe6 Bxe6 19. Bxc5 Nxd3 20. cxd3 Rfd8
21. d4 h6 22. Be7 Rd7 23. Bc5 b4 24. Bxb4 Rxd4 25. Bc5 Rd2 26. Rf2 Rxf2 27.
Bxf2 Nd5 28. Ne4 Nb4 29. a3 Nd3 30. Re2 Nf4 31. Re1 Bd5 32. Bg3 Nxg2 33. Kxg2
f5 34. Kf2 Bxe4 35. Be5 Re8 36. Bc3 Kh7 37. Rd1 Re7 38. Rd6 Bb7 39. h4 Kg8 40.
h5 f4 41. Rd8+ Kf7 42. Bb4 Rc7 43. Rf8+ Ke6 44. Rxf4 Rc2+ 45. Ke3 Rxb2 46. Rg4
Rb3+ 47. Kd4 Bf3 48. Rxg7 a5 49. Rg6+ Kf5 50. Be7 Bxh5 51. Rf6+ Kg4 52. Rxh6
Rb7 53. Re6 Bf7 54. Re4+ Kf5 55. Re3 Kg4 56. Kc5 a4 57. Kc6 Rb1 58. Bf6 Bb3 59.
Re7 1/2-1/2

[Event "Pinamar ITT Cinco Soles"]
[Site "Pinamar"]
[Date "2005.06.26"]
[Round "5"]
[White "Cornejo, Max"]
[Black "Cubas, Jose Fernando"]
[Result "0-1"]
[WhiteElo "2229"]
[BlackElo "2387"]
[PlyCount "71"]
[EventDate "2005.06.22"]
[EventType "tourn"]
[EventRounds "9"]
[EventCountry "ARG"]
[EventCategory "3"]
[SourceTitle "CBM 106 Extra"]
[Source "ChessBase"]
[SourceDate "2005.07.01"]
[SourceVersion "1"]
[SourceVersionDate "2005.07.01"]
[SourceQuality "1"]

1. e4 e6 2. d4 d5 3. e5 c5 4. c3 Nc6 5. Nf3 Qb6 6. a3 Bd7 7. b4 cxd4 8. cxd4
Rc8 9. Bb2 Nge7 10. Bd3 Na5 11. O-O Nc4 12. Bc1 Nf5 13. Bxf5 exf5 14. Nbd2 Qa6
15. Nxc4 Rxc4 16. Bb2 Be7 17. Nd2 Rc8 18. Rc1 O-O 19. Nb3 b6 20. Qf3 Qb5 21.
Rxc8 Rxc8 22. Rc1 Rxc1+ 23. Bxc1 Qc4 24. Bd2 Ba4 25. Nc1 Bb5 26. h3 Qxd4 27.
Nb3 Qc4 28. Qe3 f4 29. Qc3 Qf1+ 30. Kh2 Qxf2 31. Be1 Qe3 32. Qc8+ Bf8 33. Bh4
Bf1 34. e6 Qxe6 35. Qxe6 fxe6 36. Nd4 0-1

[Event "Pinamar ITT Cinco Soles"]
[Site "Pinamar"]
[Date "2005.06.27"]
[Round "6"]
[White "Cubas, Jose Fernando"]
[Black "Walsh, Hector"]
[Result "1-0"]
[WhiteElo "2387"]
[BlackElo "2191"]
[PlyCount "57"]
[EventDate "2005.06.22"]
[EventType "tourn"]
[EventRounds "9"]
[EventCountry "ARG"]
[EventCategory "3"]
[SourceTitle "CBM 106 Extra"]
[Source "ChessBase"]
[SourceDate "2005.07.01"]
[SourceVersion "1"]
[SourceVersionDate "2005.07.01"]
[SourceQuality "1"]

1. e4 c5 2. f4 Nc6 3. Nf3 g6 4. d3 Bg7 5. g3 d6 6. Bg2 Nh6 7. c3 O-O 8. O-O f5
9. Na3 e5 10. Nc4 Nf7 11. Ne3 Be6 12. exf5 gxf5 13. Nh4 exf4 14. Nexf5 fxg3 15.
Qh5 gxh2+ 16. Kh1 d5 17. Rf3 Ne7 18. Nxg7 Kxg7 19. Rg3+ Kh8 20. Bf4 Nc6 21. Re1
Qf6 22. Ng6+ Kg7 23. Rxe6 Qxe6 24. Bh6+ Nxh6 25. Nf4+ Qg4 26. Rxg4+ Nxg4 27.
Qxg4+ Kh8 28. Qg5 Rf7 29. Bxd5 1-0

[Event "Pinamar ITT Cinco Soles"]
[Site "Pinamar"]
[Date "2005.06.28"]
[Round "7"]
[White "Rodi, Luis Ernesto"]
[Black "Cubas, Jose Fernando"]
[Result "1-0"]
[WhiteElo "2243"]
[BlackElo "2387"]
[PlyCount "83"]
[EventDate "2005.06.22"]
[EventType "tourn"]
[EventRounds "9"]
[EventCountry "ARG"]
[EventCategory "3"]
[SourceTitle "CBM 106 Extra"]
[Source "ChessBase"]
[SourceDate "2005.07.01"]
[SourceVersion "1"]
[SourceVersionDate "2005.07.01"]
[SourceQuality "1"]

1. d4 d5 2. Bg5 f6 3. Bf4 c5 4. e4 Nc6 5. exd5 Qxd5 6. Nc3 Qxd4 7. Nd5 Kf7 8.
Bd3 Be6 9. c4 Bxd5 10. Ne2 Bxg2 11. Nxd4 Nxd4 12. Kd2 e5 13. Be3 Rd8 14. Rg1
Bf3 15. Qb1 e4 16. Bxe4 Ne2+ 17. Bd5+ Bxd5 18. cxd5 Nxg1 19. Qe4 Ne7 20. Qe6+
Ke8 21. Rxg1 Rxd5+ 22. Kc2 Re5 23. Qb3 b6 24. Qa4+ Kf7 25. Qxa7 Re6 26. Rd1 g6
27. Rd7 Bg7 28. a4 Re8 29. Kb1 Kg8 30. Qb7 Nf5 31. a5 bxa5 32. Bxc5 Re5 33. Qc7
Bh6 34. Ka2 Ng7 35. Bd4 Ne6 36. Qc4 Rf5 37. Bb6 Bf8 38. Be3 Kh8 39. Ra7 Re5 40.
Qh4 Bg7 41. Qa4 f5 42. Qxe8+ 1-0

[Event "Pinamar ITT Cinco Soles"]
[Site "Pinamar"]
[Date "2005.06.29"]
[Round "8"]
[White "Cubas, Jose Fernando"]
[Black "Valiente, Cristobal"]
[Result "1/2-1/2"]
[WhiteElo "2387"]
[BlackElo "2335"]
[PlyCount "131"]
[EventDate "2005.06.22"]
[EventType "tourn"]
[EventRounds "9"]
[EventCountry "ARG"]
[EventCategory "3"]
[SourceTitle "CBM 106 Extra"]
[Source "ChessBase"]
[SourceDate "2005.07.01"]
[SourceVersion "1"]
[SourceVersionDate "2005.07.01"]
[SourceQuality "1"]

1. e4 Nf6 2. e5 Nd5 3. d4 d6 4. c4 Nb6 5. exd6 exd6 6. Nc3 Be7 7. Nf3 Bg4 8. h3
Bxf3 9. Qxf3 Nc6 10. Be3 O-O 11. O-O-O f5 12. g3 Qe8 13. c5 Nd7 14. Bb5 dxc5
15. dxc5 Nde5 16. Qd5+ Kh8 17. f4 Ng6 18. Bf2 Rd8 19. Qe6 a6 20. Ba4 Bf6 21.
Qxe8 Rfxe8 22. Rxd8 Rxd8 23. Bxc6 bxc6 24. Rd1 Rxd1+ 25. Nxd1 Kg8 26. Kc2 Kf7
27. Kd3 Ke6 28. Kc4 Kd7 29. b3 Ne7 30. Be3 g6 31. Nf2 Nd5 32. Bd4 Bxd4 33. Kxd4
Nb4 34. a4 Ke6 35. Nd1 Nd5 36. Nb2 Nb4 37. Nc4 Nc2+ 38. Kc3 Ne1 39. Ne5 Kd5 40.
Kd2 Ng2 41. Nd7 Kd4 42. Nb8 Ne3 43. Nxa6 Nf1+ 44. Ke1 Nxg3 45. a5 Nh5 46. Nxc7
Kxc5 47. b4+ Kd6 48. Ne6 Kd7 49. Kd2 Nf6 50. Nc5+ Kc7 51. Kc2 Nd5 52. Nd3 h6
53. Kb3 g5 54. Kc4 gxf4 55. Kc5 f3 56. b5 Nf4 57. b6+ Kb7 58. Nf2 Ne6+ 59. Kd6
Ng5 60. Kc5 Ne4+ 61. Nxe4 fxe4 62. a6+ Kxa6 63. Kxc6 f2 64. b7 f1=Q 65. b8=Q
Qc4+ 66. Kd6 1/2-1/2

[Event "Pinamar ITT Cinco Soles"]
[Site "Pinamar"]
[Date "2005.06.30"]
[Round "9"]
[White "Duarte, Leonardo"]
[Black "Cubas, Jose Fernando"]
[Result "1/2-1/2"]
[WhiteElo "2298"]
[BlackElo "2387"]
[PlyCount "72"]
[EventDate "2005.06.22"]
[EventType "tourn"]
[EventRounds "9"]
[EventCountry "ARG"]
[EventCategory "3"]
[SourceTitle "CBM 106 Extra"]
[Source "ChessBase"]
[SourceDate "2005.07.01"]
[SourceVersion "1"]
[SourceVersionDate "2005.07.01"]
[SourceQuality "1"]

1. e4 e6 2. d4 d5 3. Nc3 Nf6 4. Bg5 Be7 5. e5 Nfd7 6. h4 Bxg5 7. hxg5 Qxg5 8.
Qd3 h6 9. Nh3 Qe7 10. Qg3 g6 11. Bd3 Nf8 12. Qf4 c6 13. Ng1 g5 14. Qg4 b6 15.
O-O-O Ba6 16. Nce2 Bxd3 17. Rxd3 Nbd7 18. f4 O-O-O 19. fxg5 Rg8 20. Rxh6 Rxg5
21. Qh4 Re8 22. Nf4 Rg8 23. Qxe7 Rxe7 24. Rf3 f6 25. exf6 Rf7 26. Nd3 Rxg2 27.
Nh3 Rg6 28. Rxg6 Nxg6 29. Ng5 Rxf6 30. Rxf6 Nxf6 31. Nxe6 Ne4 32. Ndf4 Nxf4 33.
Nxf4 Kc7 34. c3 Kd6 35. Nd3 Ke7 36. Ne5 Kd6 1/2-1/2

[Event "San Bernardo ITT"]
[Site "San Bernardo"]
[Date "2005.07.04"]
[Round "1"]
[White "Cubas, Jose Fernando"]
[Black "Rodi, Luis Ernesto"]
[Result "1-0"]
[WhiteElo "2451"]
[BlackElo "2242"]
[PlyCount "101"]
[EventDate "2005.07.04"]
[EventType "tourn"]
[EventRounds "9"]
[EventCountry "ARG"]
[EventCategory "3"]
[SourceTitle "CBM 107 Extra"]
[Source "ChessBase"]
[SourceDate "2005.09.01"]
[SourceVersion "1"]
[SourceVersionDate "2005.09.01"]
[SourceQuality "1"]

1. e4 e6 2. d4 d5 3. e5 c5 4. c3 Nc6 5. Nf3 Bd7 6. a3 c4 7. g3 Na5 8. Nbd2 Bc6
9. h4 Qd7 10. Bh3 Ba4 11. Qe2 Bc2 12. Nxc4 Nb3 13. Nd6+ Bxd6 14. exd6 Nxa1 15.
Ne5 O-O-O 16. Nxd7 Rxd7 17. b4 Ba4 18. Qb2 Nc2+ 19. Kf1 Rxd6 20. f3 Rc6 21. Rh2
Bb5+ 22. Kf2 Ba4 23. Kf1 Bb5+ 24. Re2 Nxd4 25. cxd4 Nf6 26. Ke1 Bxe2 27. Kxe2
Kd7 28. Bd2 Rhc8 29. Kd1 b5 30. Bf1 a6 31. a4 Rb8 32. Qa2 Rcb6 33. Bf4 R8b7 34.
axb5 axb5 35. g4 Ne8 36. Qc2 Rc6 37. Qxh7 Rc3 38. Be2 Ke7 39. Kd2 Rc8 40. g5
Ra7 41. Bxb5 Ra2+ 42. Kd3 Rca8 43. Bc1 Nd6 44. Bc6 Rc8 45. b5 Nxb5 46. Bxb5 Rb8
47. Bc4 dxc4+ 48. Kxc4 Rc8+ 49. Kb3 Rac2 50. Ba3+ Kd7 51. Qxc2 1-0

[Event "San Bernardo ITT"]
[Site "San Bernardo"]
[Date "2005.07.05"]
[Round "2"]
[White "Frenklakh, Valery"]
[Black "Cubas, Jose Fernando"]
[Result "1-0"]
[WhiteElo "2296"]
[BlackElo "2451"]
[PlyCount "57"]
[EventDate "2005.07.04"]
[EventType "tourn"]
[EventRounds "9"]
[EventCountry "ARG"]
[EventCategory "3"]
[SourceTitle "CBM 107 Extra"]
[Source "ChessBase"]
[SourceDate "2005.09.01"]
[SourceVersion "1"]
[SourceVersionDate "2005.09.01"]
[SourceQuality "1"]

1. Nf3 d5 2. d4 Nf6 3. Bg5 Ne4 4. Bf4 c5 5. c3 Qb6 6. Qb3 Qxb3 7. axb3 cxd4 8.
Nxd4 Nc6 9. Nxc6 bxc6 10. Nd2 Nxd2 11. Kxd2 f6 12. Be3 e5 13. Rxa7 Rb8 14. g3
Bf5 15. Bg2 Rxb3 16. Kc1 Rb8 17. Rd1 Bd6 18. Ra6 Ke7 19. Rxc6 d4 20. cxd4 Rhc8
21. dxe5 Ba3 22. exf6+ gxf6 23. Bd4 Rxc6+ 24. Bxc6 Bb4 25. Bc3 Bxc3 26. bxc3
Rc8 27. Bf3 Rxc3+ 28. Kd2 Rc2+ 29. Ke3 1-0

[Event "San Bernardo ITT"]
[Site "San Bernardo"]
[Date "2005.07.06"]
[Round "3"]
[White "Cubas, Jose Fernando"]
[Black "Pingas, Blas Mariano"]
[Result "1-0"]
[WhiteElo "2451"]
[BlackElo "2241"]
[PlyCount "85"]
[EventDate "2005.07.04"]
[EventType "tourn"]
[EventRounds "9"]
[EventCountry "ARG"]
[EventCategory "3"]
[SourceTitle "CBM 107 Extra"]
[Source "ChessBase"]
[SourceDate "2005.09.01"]
[SourceVersion "1"]
[SourceVersionDate "2005.09.01"]
[SourceQuality "1"]

1. e4 e5 2. Nf3 d6 3. d4 Nf6 4. Nc3 Nbd7 5. Bc4 h6 6. O-O Be7 7. Re1 O-O 8. h3
c6 9. a4 Nh7 10. a5 Ng5 11. Nxg5 Bxg5 12. dxe5 Bxc1 13. Qxc1 dxe5 14. b4 a6 15.
Na4 b5 16. axb6 Nxb6 17. Rd1 Qc7 18. Nxb6 Qxb6 19. c3 Ra7 20. Ra5 Re7 21. Qa1
Rd8 22. Rxd8+ Qxd8 23. Bxa6 Bxa6 24. Rxa6 Qd7 25. Qf1 Re6 26. Qc4 Kh7 27. Qc5
Rf6 28. Ra1 Re6 29. Qe3 Rf6 30. c4 Qb7 31. Qc5 Qb8 32. Ra6 Qe8 33. b5 cxb5 34.
Rxf6 gxf6 35. cxb5 Kg7 36. b6 Qd7 37. Qd5 Qc8 38. g3 Qc1+ 39. Kg2 Qb1 40. Qc6
h5 41. b7 Kg6 42. Qc7 Qxe4+ 43. Kh2 1-0

[Event "San Bernardo ITT"]
[Site "San Bernardo"]
[Date "2005.07.07"]
[Round "4"]
[White "Zapata, Karen"]
[Black "Cubas, Jose Fernando"]
[Result "0-1"]
[WhiteElo "2156"]
[BlackElo "2451"]
[PlyCount "90"]
[EventDate "2005.07.04"]
[EventType "tourn"]
[EventRounds "9"]
[EventCountry "ARG"]
[EventCategory "3"]
[SourceTitle "CBM 107 Extra"]
[Source "ChessBase"]
[SourceDate "2005.09.01"]
[SourceVersion "1"]
[SourceVersionDate "2005.09.01"]
[SourceQuality "1"]

1. d4 Nf6 2. c4 g6 3. Nc3 d5 4. Nf3 Bg7 5. Bf4 c6 6. cxd5 cxd5 7. e3 O-O 8. Be2
Nc6 9. O-O Nh5 10. Bg5 f6 11. Bh4 g5 12. Bg3 Nxg3 13. hxg3 e6 14. Rc1 f5 15.
Ne1 f4 16. gxf4 gxf4 17. Nf3 fxe3 18. fxe3 Bh6 19. Qd2 Qd6 20. Bd3 Qg3 21. Qf2
Rxf3 22. Qxf3 Bxe3+ 23. Kh1 Qxf3 24. gxf3 Bxc1 25. Rxc1 Nxd4 26. Kg2 Bd7 27.
Rh1 Rf8 28. Rxh7 Bc6 29. Rh3 e5 30. a4 Ne6 31. Rg3+ Kf7 32. Bc2 Nf4+ 33. Kf1
Rh8 34. b4 Rh1+ 35. Rg1 Rh2 36. Bf5 d4 37. Ne4 Bxa4 38. Nd6+ Ke7 39. Nxb7 Bb5+
40. Ke1 Re2+ 41. Kd1 Ba4+ 42. Kc1 d3 43. Bxd3 Nxd3+ 44. Kb1 Rb2+ 45. Ka1 Rxb4
0-1

[Event "San Bernardo ITT"]
[Site "San Bernardo"]
[Date "2005.07.08"]
[Round "5"]
[White "Cubas, Jose Fernando"]
[Black "Fernandez, Daniel"]
[Result "0-1"]
[WhiteElo "2451"]
[BlackElo "2406"]
[PlyCount "72"]
[EventDate "2005.07.04"]
[EventType "tourn"]
[EventRounds "9"]
[EventCountry "ARG"]
[EventCategory "3"]
[SourceTitle "CBM 107 Extra"]
[Source "ChessBase"]
[SourceDate "2005.09.01"]
[SourceVersion "1"]
[SourceVersionDate "2005.09.01"]
[SourceQuality "1"]

1. e4 c5 2. Nf3 Nc6 3. d4 cxd4 4. Nxd4 Nf6 5. Nc3 e5 6. Ndb5 d6 7. Bg5 a6 8.
Na3 b5 9. Bxf6 gxf6 10. Nd5 f5 11. c3 Bg7 12. exf5 Bxf5 13. Nc2 O-O 14. Nce3
Be6 15. g3 f5 16. Bh3 Rb8 17. O-O Qd7 18. f4 e4 19. Rf2 b4 20. Qa4 bxc3 21.
bxc3 Rb5 22. Rd1 Qa7 23. Bf1 Rc5 24. Qxa6 Qf7 25. Rb2 Bxc3 26. Nxc3 Rxc3 27.
Rxd6 Rxe3 28. Qxc6 Qg7 29. Qb6 Bf7 30. Rbd2 Re1 31. Rd8 Qa1 32. Rxf8+ Kxf8 33.
Qd8+ Be8 34. Rd7 Rxf1+ 35. Kg2 Rg1+ 36. Kh3 Rxg3+ 0-1

[Event "San Bernardo ITT"]
[Site "San Bernardo"]
[Date "2005.07.09"]
[Round "6"]
[White "Valiente, Cristobal"]
[Black "Cubas, Jose Fernando"]
[Result "1/2-1/2"]
[WhiteElo "2328"]
[BlackElo "2451"]
[PlyCount "86"]
[EventDate "2005.07.04"]
[EventType "tourn"]
[EventRounds "9"]
[EventCountry "ARG"]
[EventCategory "3"]
[SourceTitle "CBM 107 Extra"]
[Source "ChessBase"]
[SourceDate "2005.09.01"]
[SourceVersion "1"]
[SourceVersionDate "2005.09.01"]
[SourceQuality "1"]

1. c4 e5 2. Nc3 Nf6 3. Nf3 Nc6 4. g3 d5 5. cxd5 Nxd5 6. Bg2 Nb6 7. d3 Be7 8.
O-O O-O 9. a4 a5 10. Be3 Be6 11. Rc1 f5 12. Nb5 Bf6 13. Nd2 Rf7 14. Bxb6 cxb6
15. Bxc6 bxc6 16. Rxc6 Bd5 17. Rd6 Rd7 18. Rxd5 Rxd5 19. Qb3 Kh8 20. Nc7 Qxc7
21. Qxd5 Rd8 22. Qc4 Qd7 23. Nb1 e4 24. dxe4 Bxb2 25. Qc2 Bf6 26. Rc1 f4 27.
Na3 h5 28. Nc4 h4 29. e5 Be7 30. Qg6 fxg3 31. hxg3 Qd4 32. Nd6 Bxd6 33. exd6
Qxa4 34. d7 Qxd7 35. Rc4 Qd1+ 36. Kg2 Qd5+ 37. Re4 Rd6 38. Qe8+ Kh7 39. f3 Rh6
40. Rf4 h3+ 41. Kh2 Qe6 42. Qb5 Qc6 43. Qd3+ Qg6 1/2-1/2

[Event "San Bernardo ITT"]
[Site "San Bernardo"]
[Date "2005.07.10"]
[Round "7"]
[White "Cubas, Jose Fernando"]
[Black "Santos, Marcus Vinicius M"]
[Result "0-1"]
[WhiteElo "2451"]
[BlackElo "2353"]
[PlyCount "100"]
[EventDate "2005.07.04"]
[EventType "tourn"]
[EventRounds "9"]
[EventCountry "ARG"]
[EventCategory "3"]
[SourceTitle "CBM 107 Extra"]
[Source "ChessBase"]
[SourceDate "2005.09.01"]
[SourceVersion "1"]
[SourceVersionDate "2005.09.01"]
[SourceQuality "1"]

1. e4 e5 2. Nf3 Nc6 3. Bc4 Nf6 4. d3 d5 5. exd5 Nxd5 6. Ng5 f6 7. Ne4 Be6 8.
O-O Qd7 9. Nbc3 O-O-O 10. Bb5 a6 11. Ba4 Nb6 12. Bb3 Bxb3 13. axb3 f5 14. Ng3
g6 15. Be3 Nd5 16. Nxd5 Qxd5 17. Ne2 f4 18. Nc3 Qe6 19. Bd2 Nd4 20. Ne4 f3 21.
Ng5 Ne2+ 22. Kh1 fxg2+ 23. Kxg2 Qd5+ 24. Ne4 Nd4 25. b4 Be7 26. Ra5 Qe6 27. c3
Nc6 28. Ra3 Rxd3 29. f3 Rhd8 30. Qe2 Qf5 31. Be3 g5 32. b5 Bxa3 33. bxc6 Be7
34. Bd4 R3xd4 35. cxd4 exd4 36. Ra1 d3 37. Qe3 Kb8 38. cxb7 g4 39. fxg4 Qxg4+
40. Ng3 Qg5 41. Qe4 Qd5 42. Rxa6 Kxb7 43. Ra1 Kb6 44. Rd1 Kb5 45. Qxd5+ Rxd5
46. Ne4 Kb4 47. Kf3 c5 48. Rg1 Kb3 49. Rg2 Bg5 50. Nc3 Re5 0-1

[Event "San Bernardo ITT"]
[Site "San Bernardo"]
[Date "2005.07.11"]
[Round "8"]
[White "Lopez Gonzalez, Daniel"]
[Black "Cubas, Jose Fernando"]
[Result "1/2-1/2"]
[WhiteElo "2225"]
[BlackElo "2451"]
[PlyCount "20"]
[EventDate "2005.07.04"]
[EventType "tourn"]
[EventRounds "9"]
[EventCountry "ARG"]
[EventCategory "3"]
[SourceTitle "CBM 107 Extra"]
[Source "ChessBase"]
[SourceDate "2005.09.01"]
[SourceVersion "1"]
[SourceVersionDate "2005.09.01"]
[SourceQuality "1"]

1. Nf3 d5 2. d4 Nf6 3. c4 c6 4. e3 Bf5 5. Bd3 Bxd3 6. Qxd3 e6 7. O-O Nbd7 8.
Nbd2 Be7 9. b3 O-O 10. Bb2 Qc7 1/2-1/2

[Event "San Bernardo ITT"]
[Site "San Bernardo"]
[Date "2005.07.12"]
[Round "9"]
[White "Cubas, Jose Fernando"]
[Black "Bronstein, Luis Marcos"]
[Result "1/2-1/2"]
[WhiteElo "2451"]
[BlackElo "2342"]
[PlyCount "97"]
[EventDate "2005.07.04"]
[EventType "tourn"]
[EventRounds "9"]
[EventCountry "ARG"]
[EventCategory "3"]
[SourceTitle "CBM 107 Extra"]
[Source "ChessBase"]
[SourceDate "2005.09.01"]
[SourceVersion "1"]
[SourceVersionDate "2005.09.01"]
[SourceQuality "1"]

1. e4 Nf6 2. e5 Nd5 3. d4 d6 4. c4 Nb6 5. exd6 cxd6 6. Nc3 g6 7. h3 Bg7 8. Nf3
O-O 9. Be3 Nc6 10. Rc1 Bf5 11. g4 Bc8 12. d5 Ne5 13. Nd2 f5 14. f4 Nf7 15. Bd3
e5 16. dxe6 Bxe6 17. gxf5 Bxf5 18. Bxf5 Qh4+ 19. Kf1 gxf5 20. Ne2 Rae8 21. Nf3
Qe7 22. Bf2 Qe4 23. Rg1 Qxf3 24. Rc3 Qxe2+ 25. Qxe2 Rxe2 26. Kxe2 Re8+ 27. Kd1
Na4 28. Rcg3 Nxb2+ 29. Kc1 Kf8 30. Bxa7 Re2 31. Rxg7 Nd3+ 32. Kb1 Nxf4 33. Rxh7
Ng2 34. Rh5 f4 35. Rf5 Ke7 36. Bd4 Ne5 37. c5 Nf3 38. Rxg2 Rxg2 39. Bf6+ Ke6
40. Rxf4 Rf2 41. Ka1 dxc5 42. h4 Rf1+ 43. Kb2 Nd2 44. Be5 Rxf4 45. Bxf4 Ne4 46.
h5 b5 47. h6 Kf6 48. Kb3 Kg6 49. a4 1/2-1/2